Google Suggestions- countries- hard - Statistics

General Stats
  • This quiz has been taken 16 times
  • The average score is 4 of 15
Answer Stats
Hint Answer % Correct
Why is Algeria so... big
73%
Why is Latvia so... poor
67%
Why did Lesotho split... from South Africa
47%
Why is Bangladesh so... populated
40%
Why is Afghanistan so... dangerous
33%
When did Uruguay... gain independence
33%
Why is North Korea so... strict
27%
Why is Thailand so... cheap
20%
Why is New Zealand so... expensive
13%
Why is Venezuela in... crisis
7%
Why is Denmark so... happy
7%
How is Khazakstan... landlocked
7%
Why is Oman so... safe
7%
Why is Turkey so... dry
0%
Why is Argentina so... good at soccer
0%
No matching quizzes found
Score Distribution
Percent of People with Each Score
Percentile by Number Answered
Your Score History
You have not taken this quiz